000 00611nam a22002057a 4500
005 20161227124114.0
010 _aENG-116940
020 _c525.00
_a9780198083542
035 _aEN-100472
037 _bDBAD/PUB
082 _a629.8043
100 _aKuo,Benjamin C.
245 _aDigital control systems /
_cby Benjamin C. Kuo
250 _a2nd ed.
260 _aNew Delhi
_bOxford University Press
_c2013
270 _bNew Delhi
_e110001
_aYMCA Library Building,1 Jai Singh Road
300 _axx,751p. :
_c24cm(pbk)
_bill.
500 _aIncludes index
942 _2ddc
_cEN
_mKUO
_h629.8043
999 _c105545
_d105545